000 01231cam a2200397 a 4500
001 14421117
003 PILC
005 20151015104226.0
008 060620s2008 nyuab 001 0 eng
010 _a 2006020498
020 _a9780071264273
020 _a007305089X (alk. paper)
040 _aDLC
_cDLC
_dDLC
050 0 0 _aGE 105
_b.C973 2008
082 0 0 _aM 363.7
_bC91 2008
100 1 _aCunningham, William P.
245 1 0 _aPrinciples of environmental science
_binquiry & applications /
_cWilliam Cunningham.
250 _a4th edition.
260 _aNew York :
_bMcGraw-Hill,
_c2008.
300 _axxii, 410 pages :
_billustrations ;
_c28 cm.
500 _aIncludes index.
526 _c0L-1700L
562 _e5
650 0 _aEnvironmental sciences
_vTextbooks.
700 1 _aCunningham, Mary Ann.
856 4 1 _3Table of contents only
_uhttp://www.loc.gov/catdir/toc/ecip0616/2006020498.html
906 _a7
_bcbc
_corignew
_d1
_eecip
_f20
_gy-gencatlg
942 _2lcc
_cBK
999 _c15097
_d15097